[Event "Konik Morski Rewala OPEN B"]
[Site "Rewal"]
[Date "2007.08.24"]
[Round "3.1"]
[White "Czernicki, Bogdan"]
[Black "Mazalon, Bartlomiej"]
[Result "1/2-1/2"]
[WhiteElo "2094"]
[BlackElo "1913"]
[PlyCount "85"]
[EventDate "2007.??.??"]

1. d4 d5 2. Nf3 Nc6 3. Bf4 Nf6 4. h3 Bf5 5. c3 e6 6. Nbd2 Bd6 7. e3 O-O 8. Bb5
a6 9. Bxc6 bxc6 10. b4 a5 11. a3 axb4 12. cxb4 Bd3 13. Ne5 Bxe5 14. Bxe5 Nd7
15. Bg3 Nb6 16. Qb3 Bb5 17. f3 Qe7 18. Kf2 Kh8 19. Qc3 f6 20. Nb3 Na4 21. Qc2
e5 22. Rhe1 Ra7 23. Na5 c5 24. dxc5 Nxc5 25. Kg1 Ne6 26. Rec1 Rfa8 27. Nc6 Bxc6
28. Qxc6 d4 29. Bf2 Ra6 30. Qe4 c5 31. exd4 cxb4 32. dxe5 bxa3 33. exf6 Qxf6
34. Ra2 h6 35. Qc4 Ra4 36. Qc3 Qxc3 37. Rxc3 Nf4 38. Kf1 Nd5 39. Rc1 Nb4 40.
Raa1 a2 41. Bc5 Nd3 42. Rc3 Nb2 43. Rc2 1/2-1/2

[Event "Konik Morski Rewala OPEN B"]
[Site "Rewal"]
[Date "2007.08.24"]
[Round "3.2"]
[White "Makosa, Sylwia"]
[Black "Efinowicz, Michal"]
[Result "1/2-1/2"]
[WhiteElo "1897"]
[BlackElo "2078"]
[PlyCount "34"]
[EventDate "2007.??.??"]

1. e4 d6 2. d4 Nf6 3. Nc3 e5 4. d5 c6 5. Bg5 Qb6 6. Rb1 h6 7. Bxf6 gxf6 8. Qf3
Be7 9. Nge2 Na6 10. a3 Nc7 11. Ng3 cxd5 12. exd5 Rg8 13. h3 Bd7 14. Bd3 Rg5 15.
Nce4 Rg6 16. Nc3 Rg5 17. Na4 Rg6 1/2-1/2

[Event "Konik Morski Rewala OPEN B"]
[Site "Rewal"]
[Date "2007.08.24"]
[Round "3.3"]
[White "Polok, Kacper"]
[Black "Skwarnicki, Adam"]
[Result "1/2-1/2"]
[WhiteElo "1887"]
[BlackElo "2063"]
[PlyCount "84"]
[EventDate "2007.??.??"]

1. e4 c5 2. Nc3 Nc6 3. Bb5 g6 4. Bxc6 bxc6 5. f4 Bg7 6. d3 d5 7. e5 f5 8. Nf3
Qa5 9. Bd2 d4 10. Nb1 Qb6 11. Na3 Qxb2 12. Nc4 Qb8 13. Rb1 Qc7 14. Ba5 Qd7 15.
O-O Ba6 16. e6 Qd5 17. Nce5 Nf6 18. Nd7 Nxd7 19. exd7+ Qxd7 20. Qe2 O-O 21. Ng5
Bc8 22. Rfe1 Bf6 23. Nf3 Qd6 24. Ne5 Ba6 25. Qf3 Bb5 26. g4 Bxe5 27. Rxe5 fxg4
28. Qxg4 Rf6 29. Rbe1 Re8 30. f5 Ref8 31. Re6 Qd5 32. fxg6 hxg6 33. c4 dxc3 34.
Bxc3 Qf5 35. Qxf5 gxf5 36. Bxf6 exf6 37. Rd6 a6 38. Re7 Rf7 39. Re8+ Kg7 40.
Kf2 c4 41. dxc4 Bxc4 42. a4 Bb3 1/2-1/2

Kf3 Rg7 46. Kg3
Rf7 47. Kf2 Kh6# 48. Rdg8+ Kg5# 49. Rd8 *

[Event "Konik Morski Rewala OPEN B"]
[Site "Rewal"]
[Date "2007.08.24"]
[Round "3.4"]
[White "Czachor, Grzegorz"]
[Black "Bregoszewski, Leon"]
[Result "1-0"]
[WhiteElo "2029"]
[BlackElo "1906"]
[PlyCount "45"]
[EventDate "2007.??.??"]

1. d4 c6 2. e4 d5 3. Nc3 dxe4 4. Nxe4 g6 5. Bc4 Nf6 6. Nxf6+ exf6 7. Be3 Bg7 8.
Qd2 h5 9. Ne2 b5 10. Bb3 a5 11. a3 Bb7 12. Nf4 g5 13. Nd3 Nd7 14. O-O O-O 15.
f4 g4 16. f5 Nb6 17. Nf4 c5 18. Nxh5 cxd4 19. Bh6 Nc4 20. Bxc4 bxc4 21. Bxg7
Qb6 22. Nxf6+ Kxg7 23. Qg5+ 1-0

[Event "Konik Morski Rewala OPEN B"]
[Site "Rewal"]
[Date "2007.08.24"]
[Round "3.5"]
[White "Stypka, Zbigniew"]
[Black "Graczyk, Konrad"]
[Result "0-1"]
[WhiteElo "1989"]
[BlackElo "1884"]
[PlyCount "86"]
[EventDate "2007.??.??"]

1. d3 e6 2. e4 d5 3. Qe2 dxe4 4. dxe4 e5 5. Nf3 Nc6 6. c3 Bc5 7. b4 Bd6 8. g3
Nf6 9. Bg2 h6 10. O-O a6 11. Nbd2 Be6 12. Rd1 Qc8 13. Nc4 Bxc4 14. Qxc4 Qe6 15.
Qxe6+ fxe6 16. Nd2 Ke7 17. Bb2 Rhf8 18. f3 g5 19. Nb3 g4 20. Rf1 gxf3 21. Bxf3
Rf7 22. Rf2 Raf8 23. Raf1 a5 24. a3 a4 25. Nd2 b5 26. Be2 Na7 27. Kg2 c5 28. h3
c4 29. Bc1 Bc7 30. Rf3 Nc8 31. Bd1 Nd6 32. Re1 Rg7 33. Bc2 Rfg8 34. Nf1 Rg6 35.
Kh2 Nf7 36. Be3 Ng5 37. Bc5+ Bd6 38. Bxd6+ Kxd6 39. Rf2 Rf8 40. Kg2 Ke7 41. Rd2
Rfg8 42. Ree2 Nh5 43. Rf2 Nf7 0-1

[Event "Konik Morski Rewala OPEN B"]
[Site "Rewal"]
[Date "2007.08.24"]
[Round "3.6"]
[White "Solnicki, Michal"]
[Black "Gola, Karolina"]
[Result "1-0"]
[WhiteElo "1975"]
[BlackElo "1878"]
[PlyCount "165"]
[EventDate "2007.??.??"]

1. d4 d5 2. c4 e6 3. Nc3 Nf6 4. cxd5 exd5 5. Bg5 h6 6. e3 Be7 7. Bxf6 Bxf6 8.
Bd3 O-O 9. Nf3 Re8 10. O-O c6 11. h3 Be6 12. Qc2 Nd7 13. b4 Rc8 14. Na4 a5 15.
a3 axb4 16. axb4 Ra8 17. b5 Rc8 18. bxc6 Rxc6 19. Qb3 Qc8 20. Rab1 Rc7 21. Bb5
Re7 22. Qa3 Bf5 23. Rbc1 Rxc1 24. Rxc1 Qb8 25. Rc3 Nf8 26. Nb6 Be6 27. Qc5 Qd8
28. Ne1 Nd7 29. Bxd7 Bxd7 30. Nxd5 Re6 31. Nxf6+ Qxf6 32. d5 Re5 33. Qd4 Rxd5
34. Qxf6 gxf6 35. Nf3 b5 36. Nd4 Rd6 37. Rc7 Kf8 38. Rb7 Rd5 39. Kf1 Ke8 40.
Ke2 Rg5 41. Rb8+ Ke7 42. Kf3 Kd6 43. Rb6+ Ke7 44. h4 Rc5 45. Ke2 Rc4 46. g3 Ra4
47. Rb7 Ra2+ 48. Kf3 Rb2 49. e4 Kd6 50. Ke3 b4 51. Rb6+ Ke7 52. f4 Ba4 53. Nf5+
Ke8 54. Kd4 b3 55. Rb4 Ra2 56. Ne3 b2 57. Nc4 Ra1 58. Nxb2 Bd7 59. Rb3 Ra2 60.
Nd3 Be6 61. Rc3 Ra4+ 62. Ke3 f5 63. Nc5 Ra5 64. e5 Bd5 65. Kd4 Be6 66. Ke3 Ra1
67. Nxe6 fxe6 68. Rc7 Ra3+ 69. Kf2 Ra2+ 70. Kf3 Ra3+ 71. Kg2 Ra2+ 72. Kh3 Ra3
73. Rh7 Kf8 74. Rxh6 Kf7 75. Rf6+ Ke7 76. Rh6 Kf7 77. h5 Ra1 78. Rh7+ Kf8 79.
Kh4 Rh1+ 80. Kg5 Rg1 81. Kf6 Kg8 82. Rg7+ Kf8 83. Rg6 1-0

[Event "Konik Morski Rewala OPEN B"]
[Site "Rewal"]
[Date "2007.08.24"]
[Round "3.7"]
[White "Kaniak, Monika"]
[Black "Wojtaszewski, Piotr"]
[Result "0-1"]
[WhiteElo "1950"]
[BlackElo "1848"]
[PlyCount "126"]
[EventDate "2007.??.??"]

1. c4 g6 2. d4 Bg7 3. Nc3 e6 4. e4 Ne7 5. f4 d5 6. cxd5 exd5 7. e5 b6 8. Nf3
O-O 9. Bd3 c5 10. O-O Ba6 11. Bxa6 Nxa6 12. Be3 Rc8 13. Qd2 c4 14. a3 Nc7 15.
g4 f6 16. Rae1 Nc6 17. Kh1 fxe5 18. fxe5 Ne6 19. Nb5 Qd7 20. Nd6 Rb8 21. Qg2
Nf4 22. Bxf4 Rxf4 23. h3 Rbf8 24. Kg1 Nxd4 25. Nxd4 Rxd4 26. Rxf8+ Bxf8 27. Qf2
Bxd6 28. exd6 Re4 29. Rxe4 dxe4 30. Qd4 b5 31. Kf2 Qf7+ 32. Ke1 Qd7 33. Kd2 Kf7
34. Qd5+ Qe6 35. Qc6 Kf6 36. Ke3 Qe5 37. d7+ Ke7 38. Qc8 Qg3+ 39. Kxe4 Qd3+ 40.
Ke5 Qxd7 41. Qc5+ Ke8 42. Kf4 a5 43. h4 h6 44. Qe5+ Kf7 45. g5 hxg5+ 46. hxg5
Qd2+ 47. Kg3 Qd3+ 48. Kg4 Qd1+ 49. Kg3 Qg1+ 50. Kh4 Qf2+ 51. Kg4 Qg2+ 52. Kh4
Qc6 53. Kg3 Qb6 54. Qd5+ Ke7 55. Qe5+ Kd7 56. Qg7+ Kc8 57. Qg8+ Kb7 58. Qd5+
Qc6 59. Qd4 b4 60. Kf2 Qb6 61. Ke3 Qxd4+ 62. Kxd4 c3 63. bxc3 bxa3 0-1

[Event "Konik Morski Rewala OPEN B"]
[Site "Rewal"]
[Date "2007.08.24"]
[Round "3.8"]
[White "Kaniak, Justyna"]
[Black "Graczyk, Damian"]
[Result "1-0"]
[WhiteElo "1942"]
[BlackElo "1839"]
[PlyCount "89"]
[EventDate "2007.??.??"]

1. e4 c6 2. d4 d5 3. Nc3 dxe4 4. Nxe4 Bf5 5. Ng3 Bg6 6. h4 h6 7. Nf3 Nd7 8. h5
Bh7 9. Bd3 Bxd3 10. Qxd3 Ngf6 11. Bf4 Nd5 12. Bd2 e6 13. c4 N5f6 14. O-O-O Qc7
15. Ne4 O-O-O 16. g3 Nxe4 17. Qxe4 Nf6 18. Qe2 Qd7 19. Ne5 Qe8 20. Ba5 b6 21.
c5 Kb7 22. Rd3 Ra8 23. Rf3 Be7 24. Qc4 b5 25. Qe2 Rf8 26. Bd2 Bd8 27. Nd3 Bc7
28. Bxh6 gxh6 29. Rxf6 Qd8 30. Qf3 Qxd4 31. Rh4 Qd7 32. Rxh6 f5 33. Rh1 e5 34.
Qe3 e4 35. Nf4 Bxf4 36. Qxf4 Qd5 37. Qd6 Qc4+ 38. Kb1 Rac8 39. Rh7+ Ka6 40. Qe7
Ra8 41. Qb7+ Ka5 42. Qxc6 Qd3+ 43. Ka1 Rfd8 44. Rb1 Qc2 45. b4+ 1-0

[Event "Konik Morski Rewala OPEN B"]
[Site "Rewal"]
[Date "2007.08.24"]
[Round "3.9"]
[White "Grychtol, Karol"]
[Black "Dubiel, Lukasz"]
[Result "1/2-1/2"]
[WhiteElo "1863"]
[BlackElo "1918"]
[PlyCount "30"]
[EventDate "2007.??.??"]

1. b3 d5 2. Bb2 Bf5 3. e3 e6 4. Nf3 Nf6 5. Be2 Bd6 6. c4 c6 7. O-O Nbd7 8. d4
O-O 9. Nc3 Ne4 10. Nxe4 Bxe4 11. Rc1 Bxf3 12. Bxf3 f5 13. g3 Qg5 14. Bg2 Nf6
15. f4 Qg6 1/2-1/2

[Event "Konik Morski Rewala OPEN B"]
[Site "Rewal"]
[Date "2007.08.24"]
[Round "3.10"]
[White "Chojnacka, Magdalena"]
[Black "Zakrzewski, Marek"]
[Result "1/2-1/2"]
[WhiteElo "1846"]
[BlackElo "1917"]
[PlyCount "51"]
[EventDate "2007.??.??"]

1. e4 c5 2. Nf3 Nc6 3. d4 cxd4 4. Nxd4 e6 5. Nxc6 bxc6 6. Bd3 Nf6 7. O-O d6 8.
Kh1 Be7 9. f4 Qc7 10. Bd2 O-O 11. Bc3 Bb7 12. Qe2 Rfe8 13. Nd2 Rac8 14. b3 Nd7
15. e5 Nc5 16. exd6 Bxd6 17. Qg4 f5 18. Qg3 Nxd3 19. cxd3 e5 20. fxe5 Bxe5 21.
Bxe5 Qxe5 22. Qf2 c5 23. Qxf5 Qxf5 24. Rxf5 Rcd8 25. Ne4 Bxe4 26. dxe4 1/2-1/2

[Event "Konik Morski Rewala OPEN B"]
[Site "Rewal"]
[Date "2007.08.24"]
[Round "3.11"]
[White "Staniszewska, Adrianna"]
[Black "Zielinski, Olgierd"]
[Result "1-0"]
[WhiteElo "1768"]
[BlackElo "2044"]
[PlyCount "93"]
[EventDate "2007.??.??"]

1. e4 c5 2. c3 d5 3. exd5 Qxd5 4. d4 g6 5. Nf3 Bg7 6. Be2 Nh6 7. O-O cxd4 8.
Nxd4 a6 9. Re1 Nf5 10. Bf3 Qd7 11. Nxf5 Qxf5 12. Qa4+ Qd7 13. Qh4 f6 14. Bh6
O-O 15. Na3 Bxh6 16. Qxh6 e6 17. Rad1 Qc7 18. Rd4 Nc6 19. Rh4 Ne5 20. Be4 f5
21. Bxb7 Bxb7 22. Rxe5 Rfd8 23. Re1 Rd7 24. Qe3 Re8 25. Rd4 Rxd4 26. Qxd4 Rd8
27. Qe3 Bd5 28. b3 Qa5 29. Qc1 Rc8 30. c4 Kg7 31. Re2 Be4 32. Nb1 Bd3 33. Rb2
Rd8 34. Nc3 Qe5 35. h3 Rd4 36. Qe3 Qd6 37. Rd2 f4 38. Qe1 g5 39. Ne2 Re4 40.
Qd1 Qe5 41. Kf1 Bxe2+ 42. Rxe2 Rxe2 43. Qxe2 Qa1+ 44. Qe1 Qb2 45. Qd1 h6 46.
Kg1 Qa3 47. Qd3 1-0

[Event "Konik Morski Rewala OPEN B"]
[Site "Rewal"]
[Date "2007.08.24"]
[Round "3.12"]
[White "Brudzinski, Maciej"]
[Black "Sikorska, Dorota"]
[Result "1-0"]
[WhiteElo "2114"]
[BlackElo "1915"]
[PlyCount "87"]
[EventDate "2007.??.??"]

1. e4 e6 2. d3 c5 3. Nf3 d5 4. Nbd2 b6 5. g3 Bb7 6. Bg2 dxe4 7. dxe4 Nf6 8. e5
Nd5 9. O-O Be7 10. Qe2 O-O 11. Rd1 Qc8 12. Ne4 Rd8 13. c4 Nb4 14. Nd6 Bxd6 15.
exd6 Nd7 16. Bg5 Re8 17. Rd2 f6 18. Be3 Nf8 19. Rad1 Qd7 20. b3 e5 21. Nh4 Bxg2
22. Kxg2 Nc6 23. Qf3 Nd4 24. Bxd4 exd4 25. Qd5+ Kh8 26. Nf5 Rad8 27. Ne7 Ng6
28. Re1 Nxe7 29. Rxe7 Rxe7 30. dxe7 Qxe7 31. Re2 Qc7 32. Re6 h6 33. Qe4 d3 34.
Re8+ Rxe8 35. Qxe8+ Kh7 36. Qe4+ Kg8 37. Qxd3 Kf7 38. Qd5+ Kg6 39. h4 h5 40.
Kf3 a6 41. Qe6 Qb7+ 42. Qe4+ Qxe4+ 43. Kxe4 Kf7 44. Kd5 1-0

[Event "Konik Morski Rewala OPEN B"]
[Site "Rewal"]
[Date "2007.08.24"]
[Round "3.13"]
[White "Chmielinska, Alicja"]
[Black "Botor, Michal"]
[Result "1-0"]
[WhiteElo "2073"]
[BlackElo "1890"]
[PlyCount "73"]
[EventDate "2007.??.??"]

1. e4 c5 2. Nc3 e6 3. f4 d5 4. Nf3 Nf6 5. exd5 exd5 6. Bb5+ Nc6 7. O-O a6 8.
Bxc6+ bxc6 9. b3 Be7 10. Ba3 O-O 11. d3 Ng4 12. Qd2 d4 13. Ne4 Qd5 14. Rfe1 Ne3
15. c3 Re8 16. Rac1 Bg4 17. Ne5 f6 18. Nxg4 Nxg4 19. cxd4 Qxd4+ 20. Kh1 f5 21.
Rc4 Qd5 22. Nxc5 Bh4 23. Re2 Rxe2 24. Qxe2 Kf7 25. Rd4 Re8 26. Qxe8+ Kxe8 27.
Rxd5 cxd5 28. Nxa6 Nf2+ 29. Kg1 Nxd3 30. Nc7+ Kd7 31. Nxd5 Bd8 32. g3 h5 33.
Kf1 Ke6 34. Ne3 Bb6 35. Ke2 Nc5 36. Bb2 g6 37. Bd4 1-0

[Event "Konik Morski Rewala OPEN B"]
[Site "Rewal"]
[Date "2007.08.24"]
[Round "3.14"]
[White "Falkowski, Dawid"]
[Black "Wilm, Guenter"]
[Result "1-0"]
[WhiteElo "2048"]
[BlackElo "1862"]
[PlyCount "60"]
[EventDate "2007.??.??"]

1. e4 b6 2. d4 Bb7 3. Nc3 e6 4. Nf3 d6 5. Bd3 Nf6 6. O-O Be7 7. Re1 Nbd7 8. Bf4
O-O 9. Qe2 c5 10. Nb5 Qb8 11. e5 Nh5 12. Bd2 dxe5 13. dxe5 g6 14. Be4 Bxe4 15.
Qxe4 a6 16. Nc3 Rd8 17. Rad1 Qc7 18. Bh6 b5 19. Qe3 Ng7 20. g4 Nb6 21. Ne4 Rxd1
22. Rxd1 Nd5 23. Qe2 Rd8 24. Qf1 f5 25. exf6 Nxf6 26. Neg5 Rxd1 27. Qxd1 Qf4
28. h3 Ne4 29. Qd7 Qc1+ 30. Kg2 Qxc2 1-0

[Event "Konik Morski Rewala OPEN B"]
[Site "Rewal"]
[Date "2007.08.24"]
[Round "3.15"]
[White "Ziebinski, Bartosz"]
[Black "Sokolowski, Krzysztof"]
[Result "1-0"]
[WhiteElo "1853"]
[BlackElo "2028"]
[PlyCount "63"]
[EventDate "2007.??.??"]

1. e4 c5 2. Nf3 d6 3. d4 cxd4 4. Nxd4 Nf6 5. Nc3 a6 6. Be2 e5 7. Nb3 Be6 8. O-O
Be7 9. a4 Nbd7 10. Be3 O-O 11. a5 Qc7 12. f4 exf4 13. Bxf4 Bxb3 14. cxb3 Ne5
15. b4 b6 16. Nd5 Nxd5 17. Qxd5 bxa5 18. bxa5 Ng6 19. Be3 Bf6 20. Rac1 Qd7 21.
b4 Ne7 22. Qd2 Rfc8 23. Rxc8+ Nxc8 24. Rc1 Ne7 25. Bb6 Qe6 26. b5 axb5 27. Bxb5
Qxe4 28. Qxd6 h6 29. Bd3 Qa4 30. a6 Nc8 31. Qd5 Nxb6 32. Qxa8+ 1-0

[Event "Konik Morski Rewala OPEN B"]
[Site "Rewal"]
[Date "2007.08.24"]
[Round "3.16"]
[White "Siedlinski, Piotr"]
[Black "Ciszewski, Eugeniusz"]
[Result "1-0"]
[WhiteElo "1838"]
[BlackElo "1993"]
[PlyCount "61"]
[EventDate "2007.??.??"]

1. e4 e5 2. Nc3 d6 3. Bc4 Nc6 4. d3 Be7 5. Nge2 Na5 6. O-O Nxc4 7. dxc4 Nf6 8.
f3 O-O 9. b3 Ne8 10. Nd5 g6 11. Ng3 Ng7 12. Bh6 Re8 13. Qd2 Bh4 14. Ne3 Bg5 15.
Bxg5 Qxg5 16. Rf2 Ne6 17. Nd5 Qd8 18. Qc3 Ng7 19. c5 c6 20. Ne3 d5 21. Qd3 Ne6
22. exd5 Nf4 23. Qd2 cxd5 24. Ne2 Be6 25. Nxf4 exf4 26. Ng4 h5 27. Ne5 Qf6 28.
Re1 g5 29. Rfe2 Rad8 30. c3 Kg7 31. Qd4 1-0

[Event "Konik Morski Rewala OPEN B"]
[Site "Rewal"]
[Date "2007.08.26"]
[Round "4.1"]
[White "Graczyk, Konrad"]
[Black "Czachor, Grzegorz"]
[Result "0-1"]
[WhiteElo "1884"]
[BlackElo "2029"]
[PlyCount "68"]
[EventDate "2007.??.??"]

1. d4 Nf6 2. f4 b6 3. Nf3 Bb7 4. e3 e6 5. Bd3 Be7 6. O-O Ne4 7. Nbd2 f5 8. Bxe4
fxe4 9. Ne5 O-O 10. b3 d6 11. Ng4 Nd7 12. Bb2 Nf6 13. c4 Qe8 14. Rc1 Qg6 15.
Nxf6+ Bxf6 16. Rf2 c5 17. Nf1 Rad8 18. d5 exd5 19. Bxf6 Rxf6 20. cxd5 Rf5 21.
Rd2 Qf7 22. Ng3 Rxd5 23. Nxe4 Qe6 24. Rxd5 Qxe4 25. Rd2 Qxe3+ 26. Kh1 h5 27.
Re2 Qxf4 28. Qe1 Qg5 29. Rc3 h4 30. Rh3 Rf8 31. Rhe3 Rf6 32. Re8+ Kh7 33. Qb1+
Rg6 34. Kg1 Bxg2 0-1

[Event "Konik Morski Rewala OPEN B"]
[Site "Rewal"]
[Date "2007.08.26"]
[Round "4.2"]
[White "Wojtaszewski, Piotr"]
[Black "Solnicki, Michal"]
[Result "0-1"]
[WhiteElo "1848"]
[BlackElo "1975"]
[PlyCount "80"]
[EventDate "2007.??.??"]

1. e4 c5 2. Nf3 d6 3. d4 cxd4 4. Nxd4 Nf6 5. Nc3 a6 6. f3 Nc6 7. Be3 e6 8. Qd2
Be7 9. O-O-O O-O 10. g4 Nd7 11. Be2 Nxd4 12. Bxd4 b5 13. Rdg1 b4 14. Nd1 Qa5
15. Kb1 Bb7 16. h4 Rfd8 17. g5 e5 18. Be3 d5 19. Bd3 Nc5 20. Bxc5 Bxc5 21. Rg4
dxe4 22. fxe4 Bc8 23. Rg2 Be6 24. b3 Rac8 25. h5 Bf8 26. g6 f6 27. gxh7+ Kh8
28. h6 g5 29. Qf2 Be7 30. Ne3 Rf8 31. Nf5 Bc5 32. Qf3 Qa3 33. Ne3 Bd4 34. Nd1
a5 35. Bb5 Rc3 36. Qf1 Bxb3 37. axb3 Rf3 38. c3 Rxf1 39. Rxf1 bxc3 40. Bc4 c2+
0-1

[Event "Konik Morski Rewala OPEN B"]
[Site "Rewal"]
[Date "2007.08.26"]
[Round "4.3"]
[White "Staniszewska, Adrianna"]
[Black "Kaniak, Justyna"]
[Result "0-1"]
[WhiteElo "1768"]
[BlackElo "1942"]
[PlyCount "90"]
[EventDate "2007.??.??"]

1. d4 Nf6 2. c4 c5 3. d5 d6 4. Nc3 g6 5. e4 Bg7 6. Bd3 O-O 7. Nge2 e6 8. O-O
exd5 9. cxd5 Na6 10. f4 Nc7 11. Ng3 a6 12. a4 b6 13. Bd2 Rb8 14. Qc2 Re8 15. b3
b5 16. axb5 axb5 17. Ra2 Bd7 18. Re1 c4 19. bxc4 b4 20. Nb5 Nxb5 21. cxb5 Bxb5
22. Bxb5 Rxb5 23. Qb3 Nd7 24. Be3 Bc3 25. Rc1 Ra5 26. Rxa5 Qxa5 27. Ne2 Rxe4
28. Rxc3 bxc3 29. Kf2 Nf6 30. Bd4 Rxd4 31. Nxd4 Qxd5 32. Qxd5 Nxd5 33. g3 Kf8
34. Ke2 Nb4 35. Nb5 c2 36. Kd2 Ke7 37. Nc3 d5 38. Ne2 Kd6 39. Kc3 Kc5 40. Kd2
Kc4 41. Nc1 d4 42. h3 Kd5 43. Ne2 Ke4 44. Ng1 d3 45. h4 Na2 0-1

[Event "Konik Morski Rewala OPEN B"]
[Site "Rewal"]
[Date "2007.08.26"]
[Round "4.4"]
[White "Dubiel, Lukasz"]
[Black "Brudzinski, Maciej"]
[Result "1/2-1/2"]
[WhiteElo "1918"]
[BlackElo "2114"]
[PlyCount "165"]
[EventDate "2007.??.??"]

1. d4 Nf6 2. c4 d6 3. Nc3 Nbd7 4. e4 e5 5. Be3 g6 6. f3 Bg7 7. Qd2 exd4 8. Bxd4
O-O 9. Nge2 Re8 10. O-O-O Ne5 11. Ng3 Be6 12. Bxe5 dxe5 13. Qxd8 Rexd8 14. Be2
c6 15. Rxd8+ Rxd8 16. Rd1 Rd4 17. b3 Nd7 18. Kc2 h5 19. Bd3 Nc5 20. Nge2 Rd7
21. Nc1 Bh6 22. Be2 Rd4 23. Nd3 Nxd3 24. Rxd3 h4 25. h3 f5 26. Rxd4 exd4 27.
Nd1 g5 28. Bd3 fxe4 29. Bxe4 Kf7 30. Nf2 Kf6 31. Nd3 Bf8 32. Kd2 Bd7 33. Nf2 b6
34. Nd3 c5 35. Bh7 Bd6 36. a4 a6 37. Be4 b5 38. axb5 axb5 39. Bd5 bxc4 40. Bxc4
Bf5 41. Ke2 Be6 42. Kd2 Ke7 43. Kc2 Kd7 44. Kb2 Bf5 45. Kc2 Bf4 46. Kd1 Bd6 47.
Kc2 Bf8 48. Kd2 Be7 49. Kc2 Kd6 50. Kd2 Bd8 51. Kd1 Ba5 52. Ke2 Bc3 53. Kd1 Ba5
54. Ke2 Bc7 55. Kd2 Kc6 56. Kc2 Bf4 57. Kd1 Bh2 58. Kd2 Kd6 59. Ke2 Bg1 60. Kd2
Be3+ 61. Kd1 Bxd3 62. Bxd3 Ke5 63. Ke2 Kf4 64. Bc4 Kg3 65. Kf1 Bd2 66. Bd3 Kf4
67. Ke2 Ba5 68. Bc4 Bc7 69. Bd3 Ke5 70. Bc4 Bd6 71. Kd3 Bc7 72. Ke2 Kd6 73. Kd3
Kc6 74. Kc2 Kb6 75. Bd3 Bg3 76. Bc4 Be1 77. Bd3 Bc3 78. Bc4 Kc6 79. Bd3 Kd5 80.
Bc4+ Ke5 81. Kd3 Kf4 82. Ke2 Kg3 83. Kf1 1/2-1/2

[Event "Konik Morski Rewala OPEN B"]
[Site "Rewal"]
[Date "2007.08.26"]
[Round "4.5"]
[White "Zakrzewski, Marek"]
[Black "Czernicki, Bogdan"]
[Result "0-1"]
[WhiteElo "1917"]
[BlackElo "2094"]
[PlyCount "102"]
[EventDate "2007.??.??"]

1. d3 e6 2. e4 g6 3. g3 Bg7 4. Bg2 d5 5. Nd2 Ne7 6. Ngf3 O-O 7. O-O c5 8. Re1
Nbc6 9. c3 d4 10. cxd4 Nxd4 11. Nb3 Nxb3 12. Qxb3 e5 13. Be3 b6 14. Nh4 Be6 15.
Qd1 Nc6 16. Bf1 Qe7 17. Qa4 Rac8 18. Be2 Rfd8 19. Red1 Nd4 20. Bxd4 Rxd4 21.
Qa3 Rcd8 22. b3 h5 23. Kg2 R4d7 24. Nf3 g5 25. Qc1 f6 26. Qc2 Qf7 27. h3 Qg6
28. Nh2 g4 29. hxg4 hxg4 30. Nf1 Bh6 31. Ne3 Bxe3 32. fxe3 Qh6 33. Rh1 Qxe3 34.
Rh4 Rxd3 35. Rah1 Qxe4+ 36. Kf1 Rf3+ 37. Bxf3 Qxc2 38. Be2 Rd1+ 39. Bxd1 Qxd1+
40. Kf2 Qf3+ 41. Ke1 Qxg3+ 42. Kd2 Qf2+ 43. Kd1 Qxa2 44. Rh8+ Kg7 45. R1h7+ Kg6
46. Rh6+ Kg5 47. Rh2 Bxb3+ 48. Ke1 Qa1+ 49. Kf2 Qd4+ 50. Kg3 Qe3+ 51. Kg2 Kf4
0-1

[Event "Konik Morski Rewala OPEN B"]
[Site "Rewal"]
[Date "2007.08.26"]
[Round "4.6"]
[White "Efinowicz, Michal"]
[Black "Polok, Kacper"]
[Result "1-0"]
[WhiteElo "2078"]
[BlackElo "1887"]
[PlyCount "47"]
[EventDate "2007.??.??"]

1. d3 g6 2. e4 c5 3. g3 Nc6 4. Bg2 e5 5. Ne2 Bg7 6. O-O Nge7 7. Be3 d6 8. Qd2
O-O 9. Bh6 f5 10. Bxg7 Kxg7 11. f4 Rb8 12. fxe5 Nxe5 13. Nbc3 Be6 14. Nf4 Qd7
15. Rae1 N7c6 16. Ncd5 fxe4 17. dxe4 Nc4 18. Qc3+ N6e5 19. b3 Nb6 20. Nd3 Rxf1+
21. Rxf1 Nxd5 22. exd5 Bf5 23. Nxe5 dxe5 24. Qxe5+ 1-0

[Event "Konik Morski Rewala OPEN B"]
[Site "Rewal"]
[Date "2007.08.26"]
[Round "4.7"]
[White "Mazalon, Bartlomiej"]
[Black "Chmielinska, Alicja"]
[Result "1/2-1/2"]
[WhiteElo "1913"]
[BlackElo "2073"]
[PlyCount "72"]
[EventDate "2007.??.??"]

1. e4 Nc6 2. Nf3 e5 3. d4 exd4 4. c3 d5 5. exd5 Qxd5 6. cxd4 Bg4 7. Be2 Nf6 8.
O-O Be7 9. Nc3 Qd7 10. d5 Bxf3 11. Bxf3 Ne5 12. Bf4 Nxf3+ 13. Qxf3 O-O 14. Rac1
Rac8 15. Rfd1 Bd6 16. Bxd6 Qxd6 17. Nb5 Qb6 18. Qb3 Ne4 19. Nd4 Rfd8 20. Qxb6
axb6 21. Nf5 Kf8 22. f3 Nf6 23. d6 cxd6 24. Rxc8 Rxc8 25. Nxd6 Rc2 26. Nxb7
Rxb2 27. a4 Ra2 28. Rd4 g6 29. Nd6 Nd7 30. Nc8 Ke8 31. Nd6+ Ke7 32. Nc8+ Ke8
33. Nd6+ Kd8 34. Nc8 Ke8 35. Re4+ Kd8 36. Nd6 Nc5 1/2-1/2

[Event "Konik Morski Rewala OPEN B"]
[Site "Rewal"]
[Date "2007.08.26"]
[Round "4.8"]
[White "Skwarnicki, Adam"]
[Black "Makosa, Sylwia"]
[Result "1-0"]
[WhiteElo "2063"]
[BlackElo "1897"]
[PlyCount "77"]
[EventDate "2007.??.??"]

1. Nf3 c5 2. d4 cxd4 3. Nxd4 Nc6 4. c4 Nf6 5. g3 e5 6. Nc2 Be7 7. Bg2 O-O 8.
O-O d6 9. Nc3 Be6 10. b3 a6 11. h3 Qc8 12. Kh2 Ne8 13. Ba3 Nc7 14. Na4 Qd8 15.
Nb6 Rb8 16. Qd2 Ne8 17. Nd5 Bg5 18. f4 exf4 19. gxf4 Bh4 20. Rad1 Qc8 21. e4 b5
22. e5 dxe5 23. Bxf8 Kxf8 24. fxe5 Nxe5 25. Qd4 Ng6 26. Nce3 Nf6 27. c5 Nh5 28.
Rf3 Nf6 29. b4 h6 30. Kh1 Bg5 31. Nxf6 Bxf6 32. Qd6+ Be7 33. Qg3 Nh4 34. Rf2
Nxg2 35. Rxg2 Bg5 36. Nd5 Bxh3 37. Qd6+ Kg8 38. Rxg5 Kh8 39. Rg3 1-0

[Event "Konik Morski Rewala OPEN B"]
[Site "Rewal"]
[Date "2007.08.26"]
[Round "4.9"]
[White "Grychtol, Karol"]
[Black "Falkowski, Dawid"]
[Result "1/2-1/2"]
[WhiteElo "1863"]
[BlackElo "2048"]
[PlyCount "95"]
[EventDate "2007.??.??"]

1. b3 Nf6 2. Bb2 e6 3. Nf3 d5 4. e3 c5 5. Be2 Bd6 6. O-O O-O 7. c4 Nc6 8. d4
Bd7 9. Nc3 cxd4 10. Nb5 Bb8 11. Nbxd4 Qe7 12. Nc2 Rd8 13. Ba3 Bd6 14. Bxd6 Qxd6
15. cxd5 Qxd5 16. Bc4 Qh5 17. Ncd4 e5 18. Nb5 Bg4 19. Qc2 a6 20. Nc3 Bxf3 21.
gxf3 Qxf3 22. Be2 Qh3 23. Kh1 Nb4 24. Qb2 Nd3 25. Qc2 Rac8 26. Rad1 Ne4 27.
Rxd3 Rxd3 28. Qxd3 Nxc3 29. Rg1 Nxe2 30. Qxe2 Qf5 31. Rd1 g6 32. e4 Qf4 33. Qd3
Qxf2 34. Qd7 Rc2 35. Qe8+ Kg7 36. Qxe5+ Kh6 37. Qg3 Rxa2 38. Qxf2 Rxf2 39. Rd7
b5 40. Ra7 Rf6 41. Kg2 Kg7 42. Kg3 h5 43. e5 Rf1 44. e6 Kf8 45. exf7 Rb1 46.
Kf4 Rf1+ 47. Kg5 Rxf7 48. Rxa6 1/2-1/2

[Event "Konik Morski Rewala OPEN B"]
[Site "Rewal"]
[Date "2007.08.26"]
[Round "4.10"]
[White "Foltyn, Lukasz"]
[Black "Ziebinski, Bartosz"]
[Result "0-1"]
[WhiteElo "1986"]
[BlackElo "1853"]
[PlyCount "65"]
[EventDate "2007.??.??"]

1. e4 c5 2. Nf3 d6 3. d4 cxd4 4. Nxd4 Nf6 5. Nc3 a6 6. a4 e5 7. Nb3 Be6 8. Be2
Be7 9. Be3 O-O 10. O-O Nc6 11. Kh1 d5 12. exd5 Nxd5 13. Nxd5 Bxd5 14. c3 f5 15.
a5 Qd7 16. c4 Be6 17. Qxd7 Bxd7 18. Nc5 Bxc5 19. Bxc5 Rf7 20. Rfd1 e4 21. Bd6
Be6 22. b4 Rd7 23. Bc5 Rad8 24. Rxd7 Rxd7 25. Rd1 Rxd1+ 26. Bxd1 Bxc4 27. Bc2
Kf7 28. Kg1 Ke6 29. f3 Ke5 30. fxe4 fxe4 31. h3 Nd4 32. Bd1 e3 33. Bf3 0-1

[Event "Konik Morski Rewala OPEN B"]
[Site "Rewal"]
[Date "2007.08.26"]
[Round "4.11"]
[White "Chojnacka, Magdalena"]
[Black "Borowicz, Przemyslaw"]
[Result "1-0"]
[WhiteElo "1846"]
[BlackElo "1936"]
[PlyCount "103"]
[EventDate "2007.??.??"]

1. e4 e6 2. d4 d5 3. e5 c5 4. c3 Nc6 5. Nf3 Qb6 6. Bd3 Bd7 7. O-O cxd4 8. cxd4
Nxd4 9. Nxd4 Qxd4 10. Nc3 Qb6 11. Qg4 Ne7 12. Kh1 Nc6 13. f4 g6 14. a3 Bg7 15.
Rb1 O-O 16. Rf3 Bxe5 17. fxe5 Nxe5 18. Qh3 Nxf3 19. Qxf3 f5 20. Bf4 Rac8 21.
Be5 Bc6 22. Qf4 a6 23. a4 Qd8 24. b4 Rf7 25. Re1 g5 26. Qg3 f4 27. Qg4 Bd7 28.
Ne2 Qe7 29. Nxf4 Rcf8 30. Nh3 Rf5 31. Bxf5 Rxf5 32. a5 Qf7 33. Ng1 h5 34. Qg3
Bc6 35. Bd4 g4 36. Re5 Kh7 37. Rxf5 exf5 38. Ne2 Bb5 39. Qe5 Bxe2 40. Qxe2 f4
41. Qd3+ Kh6 42. Qd2 Kh7 43. Qd3+ Kh6 44. Kg1 Qe7 45. Qb1 Qe2 46. Qc1 Qe4 47.
Qd2 Kg6 48. Qd1 Kg5 49. g3 f3 50. Qd2+ Kg6 51. Kf2 Qb1 52. Ke3 1-0